Sociálne aspekty v zdaňovaní príjmov fyzických osôb v Nemecku
Sociálne aspekty v zdaňovaní príjmov fyzických osôb v Nemecku. Daňové stimuly sociálneho charakteru uplatňované v rámci zdaňovania príjmov fyzických osôb. Analýza uplatňovaných daňových stimulov v rámci prípadovej štúdie. Dopad daňových stimulov na daňovú povinnosť fyzických osôb.
Saved in:
| Main Author: | |
|---|---|
| Format: | Book Chapter |
| Language: | Slovak |
| Subjects: | |
| Tags: |
No Tags, Be the first to tag this record!
|
MARC
| LEADER | 00000naa a2200000 4500 | ||
|---|---|---|---|
| 001 | 0280819 | ||
| 005 | 20240502083858.4 | ||
| 041 | 0 | |a slo | |
| 044 | |a CZ | ||
| 245 | 1 | 0 | |a Sociálne aspekty v zdaňovaní príjmov fyzických osôb v Nemecku |c Ivona Ďurinová |
| 520 | |a Sociálne aspekty v zdaňovaní príjmov fyzických osôb v Nemecku. Daňové stimuly sociálneho charakteru uplatňované v rámci zdaňovania príjmov fyzických osôb. Analýza uplatňovaných daňových stimulov v rámci prípadovej štúdie. Dopad daňových stimulov na daňovú povinnosť fyzických osôb. | ||
| 610 | 2 | 0 | |a systémy daňové |
| 610 | 2 | 0 | |a dane |
| 610 | 2 | 0 | |a osoby fyzické |
| 610 | 2 | 0 | |a systémy sociálne |
| 610 | 2 | 0 | |a dane z príjmov |
| 610 | 2 | 0 | |a Nemecko |
| 100 | 1 | |a Ďurinová, Ivona, 1964- | |